Capital structure of Limited Liability Company - law review
Spoločnosť s ručením obmedzeným - definícia. Povinnosti zakladateľa a podmienky založenia s.r.o. - obchodný register SR. Základné imanie spoločnosti a možnosti zmeny jeho štruktúry.
Gespeichert in:
| 1. Verfasser: | |
|---|---|
| Format: | Buchkapitel |
| Sprache: | Englisch |
| Schlagworte: | |
| Tags: |
Keine Tags, Fügen Sie das erste Tag hinzu!
|
MARC
| LEADER | 00000nla a2200000 4500 | ||
|---|---|---|---|
| 001 | 0184190 | ||
| 005 | 20240502073146.0 | ||
| 041 | 0 | |a eng | |
| 044 | |a SK | ||
| 245 | 1 | 0 | |a Capital structure of Limited Liability Company - law review |c František Hocman |
| 520 | |a Spoločnosť s ručením obmedzeným - definícia. Povinnosti zakladateľa a podmienky založenia s.r.o. - obchodný register SR. Základné imanie spoločnosti a možnosti zmeny jeho štruktúry. | ||
| 610 | 2 | 0 | |a spoločnosti s r.o. |
| 610 | 2 | 0 | |a register obchodný |
| 610 | 2 | 0 | |a imanie základné |
| 610 | 2 | 0 | |a právo obchodné |
| 610 | 2 | 0 | |a Slovensko |
| 100 | 1 | |a Hocman, František, 1983- | |